[Event "DVM U20 2016"]
[Site "Borken-Gemen GER"]
[Date "2016.12.27"]
[Round "2"]
[White "Engel, Jan"]
[Black "Bui, Bao Anh Le"]
[Result "1-0"]
[Termination "normal"]
[Board "5.3"]
[WhiteElo "1882"]
[BlackElo "1763"]
[WhiteTeam "Frankfurter TV"]
[BlackTeam "SV Mattnetz Berlin"]
[PlyCount "111"]
[WhiteFideId "12993557"]
[BlackFideId "12970719"]
[EventCountry "GER"]
[EventRounds "7"]
[EventType "team-swiss"]
[EventDate "2016.12.26"]

1.e4 c5 2.Nf3 d6 3.d4 cxd4 4.Nxd4 Nf6 5.Nc3 a6 6.f3 e5 7.Nb3 Be6 8.Be3 Be7
9.Qd2 h5 10.h4 Nbd7 11.Be2 Qc7 12.O-O-O b5 13.a3 Nb6 14.Bxb6 Qxb6 15.Kb1 Rc8
16.Nc1 O-O 17.Nd3 Rc7 18.Nb4 Rfc8 19.Rc1 Rc5 20.Nbd5 Nxd5 21.Nxd5 Bxd5 22.exd5
Qb7 23.Bd3 Qxd5 24.b4 Qd4 25.bxc5 dxc5 26.Rcd1 Qa4 27.Qc3 c4 28. Bf5 b4 29.Bd7
Qa5 30.axb4 Bxb4 31.Qa1 Qb6 32.Qb2 Rb8 33.c3 Qa5 34.Kc2 Bd6 35.Qa1 Qb6 36.Ba4
e4 37.fxe4 Bf4 38.Rhf1 Qe3 39.Rxf4 Qxf4 40.Bc6 Qf2+ 41. Rd2 Qb6 42.Ba4 Qe6
43.Rd4 Qg4 44.Qf1 Qxh4 45.Rxc4 Qe7 46.Qf4 Rd8 47.Rc7 Qf6 48.Qxf6 gxf6 49.Bb3
Rf8 50.Rc5 Re8 51.Kd3 Re5 52.Rxe5 fxe5 53.Kc4 Kf8 54.Kd5 f6 55.Ke6 Kg7 56.Kd7
1-0

[Event "DVM U20 2016"]
[Site "Borken-Gemen GER"]
[Date "2016.12.27"]
[Round "2"]
[White "Klodt, Daniel"]
[Black "Pham, Phuong-Bao"]
[Result "1-0"]
[Termination "normal"]
[Board "5.4"]
[WhiteElo "1741"]
[BlackElo "1840"]
[WhiteTeam "SV Mattnetz Berlin"]
[BlackTeam "Frankfurter TV"]
[PlyCount "97"]
[WhiteFideId "12938068"]
[BlackFideId "12939196"]
[EventCountry "GER"]
[EventRounds "7"]
[EventType "team-swiss"]
[EventDate "2016.12.26"]

1.e4 c5 2.Nf3 Nc6 3.d4 cxd4 4.Nxd4 g6 5.Be3 Bg7 6.Nc3 Nf6 7.f3 O-O 8.Qd2 d5
9.exd5 Nxd5 10.Nxd5 Qxd5 11.c3 e5 12.Nb5 Qxd2+ 13.Bxd2 Rd8 14.Nc7 Rb8 15.Bg5 f6
16.Be3 a6 17.Bb6 Rd7 18.Bc4+ Kh8 19.O-O Re7 20.Rfd1 Bf5 21.g4 Bd7 22.Bc5 Rc8
23.Bxe7 Rxc7 24.Bd5 Nxe7 25.Bb3 Nc6 26.Rd6 Be8 27.Rad1 h6 28.Re6 Bf7 29.Red6
Bxb3 30.axb3 Rf7 31.Rd7 Ne7 32.Rxb7 f5 33.Rd6 fxg4 34. fxg4 Kg8 35.Rxa6 Nd5
36.Rxf7 Kxf7 37.b4 Bf8 38.Kf2 e4 39.Rc6 g5 40.b5 Ke7 41.b6 Nxb6 42.Rxb6 Kd7
43.Ra6 Bc5+ 44.Ke2 Bd6 45.Rxd6+ Kxd6 46.Ke3 Ke5 47. b4 Kd5 48.b5 Kc5 49.c4 1-0

[Event "DVM U20 2016"]
[Site "Borken-Gemen GER"]
[Date "2016.12.27"]
[Round "2"]
[White "Pixa, Ulrich"]
[Black "Werle, Joshua"]
[Result "0-1"]
[Termination "normal"]
[Board "5.6"]
[WhiteElo "1613"]
[BlackElo "1800"]
[WhiteTeam "SV Mattnetz Berlin"]
[BlackTeam "Frankfurter TV"]
[PlyCount "88"]
[WhiteFideId "4697723"]
[BlackFideId "12973890"]
[EventCountry "GER"]
[EventRounds "7"]
[EventType "team-swiss"]
[EventDate "2016.12.26"]

1.e4 Nf6 2.e5 Nd5 3.c4 Nb6 4.d4 d6 5.exd6 exd6 6.Nc3 Be7 7.Be3 O-O 8.Bd3 Bg5
9.Qh5 h6 10.f4 Qe7 11.Kd2 Re8 12.Qf3 Bg4 13.Qf2 Bf6 14.h3 Be6 15.b3 Na6 16.g4
c5 17.Nf3 cxd4 18.Bxd4 Nc5 19.Rae1 Nxd3 20.Kxd3 Bxd4 21.Nxd4 Qc7 22.g5 d5
23.cxd5 Bxd5 24.Rxe8+ Rxe8 25.Rg1 h5 26.g6 f6 27.Qh4 Qe7 28.Qf2 Be4+ 29.Kd2 Qd7
30.h4 Bf5 31.Kc1 Rc8 32.Kb2 Nd5 33.Nce2 Nb4 34.Qe3 Nd5 35. Qd2 Rd8 36.Nxf5 Qxf5
37.Rd1 Qd7 38.Nc3 Nxc3 39.Kxc3 Qc7+ 40.Kb2 Rxd2+ 41. Rxd2 Kf8 42.Rf2 Qd6 43.Rf3
Qd4+ 44.Ka3 Qe4 0-1

[Event "DVM U20 2016"]
[Site "Borken-Gemen GER"]
[Date "2016.12.27"]
[Round "2"]
[White "Nguyen Dang, Huy Duc"]
[Black "Degenhard, Simon"]
[Result "0-1"]
[Termination "normal"]
[Board "6.3"]
[WhiteElo "1803"]
[BlackElo "1979"]
[WhiteTeam "SK König Plauen"]
[BlackTeam "Heilbronner SV"]
[PlyCount "63"]
[WhiteFideId "12922846"]
[BlackFideId "12944017"]
[EventCountry "GER"]
[EventRounds "7"]
[EventType "team-swiss"]
[EventDate "2016.12.26"]

1.e4 c5 2.Nf3 e6 3.d4 cxd4 4.Nxd4 a6 5.c4 Qc7 6.Nc3 b6 7.Bd3 Bb7 8.Be3 Nf6
9.O-O d6 10.Rc1 Nbd7 11.f3 Be7 12.Qd2 Rc8 13.b3 Qb8 14.Rfd1 Bd8 15.Kh1 Bc7
16.Bb1 O-O 17.Nde2 Rfd8 18.Nf4 Kh8 19.Nh3 Ba8 20.Nf2 b5 21.cxb5 axb5 22. Qe2 d5
23.Qxb5 Bxh2 24.Qxb8 Bxb8 25.exd5 Nxd5 26.Nxd5 Bxd5 27.Be4 Nf6 28. Bg5 Rxc1
29.Rxc1 Ba7 30.Bxf6 gxf6 31.Bxd5 Rxd5 32.Ne4 0-1

[Event "DVM U20 2016"]
[Site "Borken-Gemen GER"]
[Date "2016.12.27"]
[Round "2"]
[White "Mikeler, Marcel"]
[Black "Karl, Binh"]
[Result "1-0"]
[Termination "normal"]
[Board "6.4"]
[WhiteElo "1833"]
[BlackElo "1761"]
[WhiteTeam "Heilbronner SV"]
[BlackTeam "SK König Plauen"]
[PlyCount "73"]
[WhiteFideId "12927856"]
[BlackFideId "12922862"]
[EventCountry "GER"]
[EventRounds "7"]
[EventType "team-swiss"]
[EventDate "2016.12.26"]

1.d4 Nf6 2.Nf3 g6 3.c4 Bg7 4.Nc3 O-O 5.e4 d6 6.Be2 e5 7.O-O Nc6 8.d5 Ne7 9.b4
Nh5 10.Re1 f5 11.Nd2 Qe8 12.Nb5 Qd8 13.Bxh5 gxh5 14.Qxh5 Ng6 15.Nf3 Nf4 16.Bxf4
exf4 17.Rad1 h6 18.Nbd4 Qf6 19.e5 dxe5 20.Nxe5 Qg5 21.Qh3 Bxe5 22.Rxe5 Bd7
23.Rde1 Rf7 24.Ne6 Bxe6 25.Rxe6 Rd8 26.Rxh6 Qg7 27.Qh5 Re7 28. Rd1 Rd6 29.Rxd6
cxd6 30.Qxf5 Rf7 31.Qc8+ Rf8 32.Qe6+ Kh7 33.h3 Rf6 34.Qe4+ Kh8 35.Re1 f3
36.Qe8+ Rf8 37.Qh5+ 1-0

[Event "DVM U20 2016"]
[Site "Borken-Gemen GER"]
[Date "2016.12.27"]
[Round "2"]
[White "Helmrich, Daniel"]
[Black "Lahouel, Kim-Luca"]
[Result "1/2-1/2"]
[Termination "normal"]
[Board "6.5"]
[WhiteElo "1712"]
[BlackElo "1740"]
[WhiteTeam "SK König Plauen"]
[BlackTeam "Heilbronner SV"]
[PlyCount "71"]
[WhiteFideId "12956767"]
[BlackFideId "12979503"]
[EventCountry "GER"]
[EventRounds "7"]
[EventType "team-swiss"]
[EventDate "2016.12.26"]

1.e4 d5 2.exd5 Nf6 3.d4 Bg4 4.f3 Bf5 5.Bb5+ Nbd7 6.Nc3 a6 7.Ba4 b5 8.Bb3 Nb6
9.Nge2 Nbxd5 10.Nxd5 Nxd5 11.Ng3 Bg6 12.O-O e6 13.Ne4 Be7 14.c3 O-O 15.Bd2 Rc8
16.Qe2 c6 17.Rac1 Qb6 18.Kh1 Rfd8 19.Qf2 a5 20.Bc2 a4 21.a3 Qc7 22.f4 Nb6
23.Rce1 Nc4 24.Bc1 Rd5 25.g4 c5 26.Nxc5 Bxc2 27.Qxc2 Bxc5 28. dxc5 Qxc5 29.Qe2
Rcd8 30.Rd1 Qc6 31.Rxd5 Qxd5+ 32.Qg2 Qd3 33.Rf3 Qd6 34. Rf1 Kf8 35.Qf2 Qd5+
36.Qg2 1/2-1/2

[Event "DVM U20 2016"]
[Site "Borken-Gemen GER"]
[Date "2016.12.27"]
[Round "2"]
[White "Ignatov, Dmitriy"]
[Black "Nguyen Dang, Lukas"]
[Result "1/2-1/2"]
[Termination "normal"]
[Board "6.6"]
[WhiteElo "1768"]
[BlackElo "1794"]
[WhiteTeam "Heilbronner SV"]
[BlackTeam "SK König Plauen"]
[PlyCount "80"]
[WhiteFideId "12927872"]
[BlackFideId "12957135"]
[EventCountry "GER"]
[EventRounds "7"]
[EventType "team-swiss"]
[EventDate "2016.12.26"]

1.e4 c5 2.Nc3 Nc6 3.g3 g6 4.Bg2 Bg7 5.d3 e6 6.Be3 b6 7.Nge2 Nge7 8.Qd2 O-O
9.Bh6 Bb7 10.Bxg7 Kxg7 11.f4 d5 12.O-O Qd7 13.g4 dxe4 14.Nxe4 Nd4 15.Rae1 Rae8
16.c3 Nxe2+ 17.Qxe2 Rd8 18.Nf6 Qd6 19.Bxb7 Kxf6 20.f5 gxf5 21.gxf5 Nxf5 22.Be4
Kg7 23.Qh5 Rg8 24.Kh1 Qe5 25.Bxf5 Qd5+ 26.Rf3 exf5 27.Qg5+ Kh8 28.Qf6+ Rg7
29.Qxf5 Qxf5 30.Rxf5 Rxd3 31.Re8+ Rg8 32.Rxg8+ Kxg8 33.Rf2 Kg7 34.Kg2 Kg6
35.Re2 f5 36.Rf2 Kg5 37.Kg1 h5 38.Kg2 Kg4 39.Re2 f4 40.Rf2 f3+ 1/2-1/2

[Event "DVM U20 2016"]
[Site "Borken-Gemen GER"]
[Date "2016.12.27"]
[Round "2"]
[White "Kieslich, Aaron"]
[Black "Dürr, Florian"]
[Result "1/2-1/2"]
[Termination "normal"]
[Board "7.1"]
[WhiteElo "2062"]
[BlackElo "1887"]
[WhiteTeam "TuS Coswig"]
[BlackTeam "SC Erlangen"]
[PlyCount "84"]
[WhiteFideId "1270391"]
[BlackFideId "24659134"]
[EventCountry "GER"]
[EventRounds "7"]
[EventType "team-swiss"]
[EventDate "2016.12.26"]

1.d4 Nf6 2.c4 g6 3.Nc3 d5 4.Nf3 Bg7 5.Bf4 c5 6.dxc5 Qa5 7.cxd5 Nxd5 8.Qxd5
Bxc3+ 9.Bd2 Bxd2+ 10.Qxd2 Qxd2+ 11.Nxd2 O-O 12.e3 Be6 13.b4 a5 14.b5 Nd7 15.c6
bxc6 16.bxc6 Ne5 17.Bb5 Rfc8 18.Nb3 Nxc6 19.Bxc6 Rxc6 20.Nd4 Rb6 21. O-O Bd5
22.a3 e5 23.Nf3 f6 24.Rfc1 Rab8 25.h3 Rc6 26.Rxc6 Bxc6 27.Nd2 Bd5 28.Rc1 Rb2
29.Nc4 Rb5 30.Nd6 Rb6 31.Nc8 Rb7 32.Rc5 Be6 33.Nd6 Rb1+ 34.Kh2 a4 35.Ra5 Bb3
36.Ne4 f5 37.Nd2 Ra1 38.Nxb3 axb3 39.Rb5 Rxa3 40.Rxe5 Kf7 41.Kg3 Kf6 42.Rb5 h6
1/2-1/2

[Event "DVM U20 2016"]
[Site "Borken-Gemen GER"]
[Date "2016.12.27"]
[Round "2"]
[White "Tong, Kevin"]
[Black "Kunath, Tim"]
[Result "1/2-1/2"]
[Termination "normal"]
[Board "7.2"]
[WhiteElo "2149"]
[BlackElo "1893"]
[WhiteTeam "SC Erlangen"]
[BlackTeam "TuS Coswig"]
[PlyCount "84"]
[WhiteFideId "12913944"]
[BlackFideId "12985074"]
[EventCountry "GER"]
[EventRounds "7"]
[EventType "team-swiss"]
[EventDate "2016.12.26"]

1.e4 c5 2.Nf3 d6 3.d4 cxd4 4.Nxd4 Nf6 5.Nc3 a6 6.Bg5 e6 7.f4 Qb6 8.Qd3 Qxb2
9.Rb1 Qa3 10.f5 Nc6 11.fxe6 fxe6 12.Nxc6 bxc6 13.Be2 Qa5 14.Bd2 Qc7 15.O-O Be7
16.Qg3 O-O 17.Bd3 e5 18.Bc4+ Kh8 19.Be3 Rb8 20.Rxb8 Qxb8 21.Rb1 Qc7 22.Bb6 Qd7
23.Qd3 Qg4 24.Rf1 h5 25.h3 Qg6 26.Kh1 Kh7 27.a4 h4 28.Bg1 a5 29.Bh2 Bd7 30.Bb3
Rb8 31.Re1 Rb4 32.Qf3 Bd8 33.Bg1 Bc7 34.Qd3 Nh5 35. Bh2 Nf6 36.Qf3 Bb6 37.Re2
Bd4 38.Na2 Rb8 39.Re1 Rf8 40.Rf1 Rb8 41.Re1 Rf8 42.Rf1 Rb8 1/2-1/2

[Event "DVM U20 2016"]
[Site "Borken-Gemen GER"]
[Date "2016.12.27"]
[Round "2"]
[White "von Koslowski, Utz"]
[Black "Diller, Daniel"]
[Result "1/2-1/2"]
[Termination "normal"]
[Board "7.3"]
[WhiteElo "1965"]
[BlackElo "1982"]
[WhiteTeam "TuS Coswig"]
[BlackTeam "SC Erlangen"]
[PlyCount "92"]
[WhiteFideId "12964247"]
[BlackFideId "12908983"]
[EventCountry "GER"]
[EventRounds "7"]
[EventType "team-swiss"]
[EventDate "2016.12.26"]

1.Nf3 d5 2.d4 Nf6 3.g3 c6 4.Bg2 Bg4 5.b3 e6 6.O-O Nbd7 7.Bb2 Be7 8.Nbd2 O-O
9.Re1 a5 10.a4 Bf5 11.Nh4 Bg4 12.h3 Bf5 13.Nxf5 exf5 14.Nf1 Ne4 15.Qd3 g6
16.Rac1 Qb6 17.e3 h5 18.Nh2 Rfe8 19.c4 dxc4 20.Rxc4 Rad8 21.Qc2 Ndf6 22.Ba1 Bb4
23.Rd1 Nd5 24.Bxe4 fxe4 25.Qe2 Bd6 26.Rb1 Qc7 27.Nf1 Bb4 28. Rbc1 Qd7 29.Kg2
Qe6 30.Rb1 Qf5 31.Nh2 Qg5 32.h4 Qf5 33.Rd1 Qe6 34.Rb1 Kh7 35.Rcc1 Rg8 36.Rc2
Rge8 37.Rc4 Ra8 38.Nf1 Rac8 39.Nh2 Kg8 40.Rc2 Bd6 41. Bc3 Bb4 42.Ba1 Rc7 43.Rc4
f5 44.Nf1 Rg7 45.Nd2 Qf7 46.Rh1 g5 1/2-1/2

[Event "DVM U20 2016"]
[Site "Borken-Gemen GER"]
[Date "2016.12.27"]
[Round "2"]
[White "Haas, Maximilian"]
[Black "von Koslowski, Wilhelm"]
[Result "1-0"]
[Termination "normal"]
[Board "7.4"]
[WhiteElo "1752"]
[BlackElo "1509"]
[WhiteTeam "SC Erlangen"]
[BlackTeam "TuS Coswig"]
[PlyCount "33"]
[WhiteFideId "12959219"]
[BlackFideId "12985147"]
[EventCountry "GER"]
[EventRounds "7"]
[EventType "team-swiss"]
[EventDate "2016.12.26"]

1.e4 e6 2.d4 d5 3.f3 dxe4 4.fxe4 e5 5.Nf3 exd4 6.Bc4 Bg4 7.Bxf7+ Kxf7 8. Ne5+
Ke8 9.Nxg4 Nf6 10.O-O Bc5 11.Nxf6+ gxf6 12.Qh5+ Kd7 13.Qxc5 Kc8 14. Qf5+ Nd7
15.Nd2 b6 16.Nc4 Qe7 17.Bf4 1-0

[Event "DVM U20 2016"]
[Site "Borken-Gemen GER"]
[Date "2016.12.27"]
[Round "2"]
[White "Lehne, Arwin Hugo"]
[Black "Buzatu, Alexander"]
[Result "0-1"]
[Termination "normal"]
[Board "7.5"]
[WhiteElo "1457"]
[BlackElo "1574"]
[WhiteTeam "TuS Coswig"]
[BlackTeam "SC Erlangen"]
[PlyCount "106"]
[WhiteFideId "12985090"]
[BlackFideId "12983560"]
[EventCountry "GER"]
[EventRounds "7"]
[EventType "team-swiss"]
[EventDate "2016.12.26"]

1.d4 d5 2.Nf3 Nf6 3.Bf4 Bf5 4.e3 e6 5.c4 Nbd7 6.Nc3 dxc4 7.Bxc4 Nb6 8.Bb3 Bb4
9.O-O Bxc3 10.bxc3 Nfd5 11.Bxd5 Nxd5 12.Qb3 Nxf4 13.exf4 O-O 14.Qxb7 Qd6 15.Nh4
Qxf4 16.Nxf5 exf5 17.Rab1 Qd6 18.Rfe1 g6 19.Qb4 Qc6 20.c4 Rab8 21.Qc3 Rxb1
22.Rxb1 Rd8 23.d5 Qd6 24.Qa5 a6 25.Qb4 Qxb4 26.Rxb4 c6 27.Rb3 cxd5 28.Rd3 Rb8
29.g3 dxc4 30.Rc3 Rb2 31.Rxc4 Rxa2 32.Kg2 Re2 33.Ra4 Re6 34.Kh3 Kg7 35.f4 Kf6
36.Kh4 h6 37.Kh3 Rd6 38.Ra5 Rb6 39.Ra4 Ke6 40.g4 fxg4+ 41.Kxg4 f5+ 42.Kh4 Kd5
43.h3 Kc5 44.Ra1 Re6 45.Rc1+ Kb4 46.Rb1+ Kc4 47.Rc1+ Kd3 48.Rd1+ Ke2 49.Ra1 Rd6
50.Ra2+ Ke3 51.Ra3+ Kxf4 52.Rxa6 g5+ 53.Kh5 Rxa6 0-1

[Event "DVM U20 2016"]
[Site "Borken-Gemen GER"]
[Date "2016.12.27"]
[Round "2"]
[White "Grüninger, Maxim"]
[Black "Mallon, Frederik"]
[Result "1-0"]
[Termination "normal"]
[Board "7.6"]
[WhiteElo "1556"]
[BlackElo "1427"]
[WhiteTeam "SC Erlangen"]
[BlackTeam "TuS Coswig"]
[PlyCount "93"]
[WhiteFideId "12942960"]
[BlackFideId "12985104"]
[EventCountry "GER"]
[EventRounds "7"]
[EventType "team-swiss"]
[EventDate "2016.12.26"]

1.e4 c5 2.Nf3 e6 3.d4 cxd4 4.Nxd4 Nf6 5.Nc3 Bb4 6.Bd3 Nc6 7.Nxc6 bxc6 8.a3 Bc5
9.Qf3 d5 10.O-O O-O 11.e5 Nd7 12.Re1 Bd4 13.Qh3 g6 14.Bf4 Qb6 15.Nd1 Qc7 16.Qg3
a5 17.c3 Bc5 18.Ne3 Ba6 19.Bxa6 Rxa6 20.Ng4 Be7 21.Nf6+ Bxf6 22.exf6 Qd8 23.Bg5
Nxf6 24.Qh4 Kg7 25.Bh6+ Kg8 26.Bxf8 Kxf8 27.Re3 Ra8 28. Rf3 Nh5 29.Qd4 Ng7
30.Qc5+ Kg8 31.Qxc6 Qc8 32.Qxc8+ Rxc8 33.Rf4 Ne8 34.Ra4 Nd6 35.Rxa5 Nc4 36.Rb5
Nd6 37.Rb4 Ra8 38.a4 Ra5 39.Rb8+ Kg7 40.b4 Ra7 41. a5 Rc7 42.a6 Nc8 43.Rxc8
Rxc8 44.a7 Rxc3 45.a8=Q d4 46.Qe4 d3 47.Qe5+ 1-0

[Event "DVM U20 2016"]
[Site "Borken-Gemen GER"]
[Date "2016.12.27"]
[Round "2"]
[White "Stricker, Florian"]
[Black "Holtel, Jasper"]
[Result "0-1"]
[Termination "normal"]
[Board "8.1"]
[BlackTitle "FM"]
[WhiteElo "2115"]
[BlackElo "2236"]
[WhiteTeam "SG Bochum"]
[BlackTeam "SK Münster"]
[PlyCount "94"]
[WhiteFideId "12976385"]
[BlackFideId "12956376"]
[EventCountry "GER"]
[EventRounds "7"]
[EventType "team-swiss"]
[EventDate "2016.12.26"]

1.d4 Nf6 2.c4 g6 3.Nf3 Bg7 4.g3 c6 5.Bg2 d5 6.cxd5 cxd5 7.O-O O-O 8.Ne5 Ne4
9.Nd2 Bf5 10.Ndf3 Nc6 11.Nxc6 bxc6 12.Nh4 Be6 13.Be3 Nd6 14.b3 Qa5 15. Rc1 Rab8
16.Qd2 Qxd2 17.Bxd2 Bxd4 18.Nf3 Bf6 19.Rxc6 Ne4 20.Rfc1 Rfc8 21. Rxc8+ Rxc8
22.Rxc8+ Bxc8 23.Kf1 Nxd2+ 24.Nxd2 e6 25.Ke1 Kf8 26.e4 dxe4 27. Nxe4 Be7 28.Bf1
Bb4+ 29.Kd1 Ke7 30.Bd3 Bb7 31.Ke2 f5 32.Nd2 Kf6 33.Nc4 e5 34.a3 Be7 35.Na5 Bd5
36.b4 Bd8 37.Bc4 Ke6 38.Bxd5+ Kxd5 39.Nb3 Bb6 40.f3 Kc4 41.Nd2+ Kc3 42.Nb1+ Kb2
43.Nd2 Kxa3 44.Nc4+ Kxb4 45.Nxe5 Kc3 46.Nd7 Bg1 47.h4 a5 0-1

[Event "DVM U20 2016"]
[Site "Borken-Gemen GER"]
[Date "2016.12.27"]
[Round "2"]
[White "Austrup, David"]
[Black "Rempe, Moritz"]
[Result "1/2-1/2"]
[Termination "normal"]
[Board "8.2"]
[WhiteElo "1967"]
[BlackElo "2105"]
[WhiteTeam "SK Münster"]
[BlackTeam "SG Bochum"]
[PlyCount "45"]
[WhiteFideId "12996890"]
[BlackFideId "12906867"]
[EventCountry "GER"]
[EventRounds "7"]
[EventType "team-swiss"]
[EventDate "2016.12.26"]

1.e4 e6 2.c4 d5 3.exd5 exd5 4.d4 c6 5.Nf3 Nf6 6.Nc3 Be7 7.Bd3 dxc4 8.Bxc4 O-O
9.O-O Nbd7 10.Re1 Nb6 11.Bb3 Bg4 12.h3 Bh5 13.g4 Bg6 14.Ne5 Nfd5 15.f4 f6
16.Nxg6 hxg6 17.Bd2 Kh7 18.f5 g5 19.Nxd5 Nxd5 20.Bxd5 cxd5 21.Qb3 Qd7 22.Kg2 g6
23.Re6 1/2-1/2

[Event "DVM U20 2016"]
[Site "Borken-Gemen GER"]
[Date "2016.12.27"]
[Round "2"]
[White "Pilat, Fabian"]
[Black "Haberkamp, Carl"]
[Result "1-0"]
[Termination "normal"]
[Board "8.3"]
[WhiteElo "1931"]
[BlackElo "1919"]
[WhiteTeam "SG Bochum"]
[BlackTeam "SK Münster"]
[PlyCount "45"]
[WhiteFideId "24683396"]
[BlackFideId "12959766"]
[EventCountry "GER"]
[EventRounds "7"]
[EventType "team-swiss"]
[EventDate "2016.12.26"]

1.d4 Nf6 2.Nf3 e6 3.e3 b6 4.Bd3 Bb7 5.O-O Be7 6.b3 O-O 7.Bb2 Ne4 8.Nbd2 f5 9.c4
d6 10.Qc2 Nxd2 11.Nxd2 Nd7 12.e4 fxe4 13.Nxe4 h6 14.Rae1 e5 15.Qe2 exd4 16.Bxd4
Ne5 17.Bb1 Nc6 18.Bb2 Bc8 19.Ng3 Rf4 20.Qd3 Bf6 21.Qh7+ Kf8 22.Bxf6 Rxf6 23.Nh5
1-0

[Event "DVM U20 2016"]
[Site "Borken-Gemen GER"]
[Date "2016.12.27"]
[Round "2"]
[White "Kamp, Aaron"]
[Black "Fistoul, Boris"]
[Result "0-1"]
[Termination "normal"]
[Board "8.4"]
[WhiteElo "1742"]
[BlackElo "1865"]
[WhiteTeam "SK Münster"]
[BlackTeam "SG Bochum"]
[PlyCount "50"]
[WhiteFideId "16231120"]
[BlackFideId "12953962"]
[EventCountry "GER"]
[EventRounds "7"]
[EventType "team-swiss"]
[EventDate "2016.12.26"]

1.e4 e6 2.d4 b6 3.c4 Bb7 4.d5 Bb4+ 5.Bd2 Bxd2+ 6.Qxd2 Qe7 7.Nc3 exd5 8. cxd5
Nf6 9.Bd3 Nxd5 10.O-O-O Nxc3 11.Qxc3 O-O 12.Nf3 Nc6 13.Rhe1 a5 14.Nd4 Qf6
15.Bc2 Nb4 16.Bb1 Rfe8 17.f3 Re5 18.Nb3 Nc6 19.Bc2 a4 20.Nd2 b5 21.a3 Qe7 22.f4
b4 23.axb4 Rb5 24.Nc4 Nxb4 25.Na3 Na2+ 0-1

[Event "DVM U20 2016"]
[Site "Borken-Gemen GER"]
[Date "2016.12.27"]
[Round "2"]
[White "Wübker, Paul-Luca"]
[Black "Van Lindt, Chiara"]
[Result "1/2-1/2"]
[Termination "normal"]
[Board "8.5"]
[WhiteElo "1751"]
[BlackElo "1429"]
[WhiteTeam "SG Bochum"]
[BlackTeam "SK Münster"]
[PlyCount "77"]
[WhiteFideId "12939528"]
[BlackFideId "12966762"]
[EventCountry "GER"]
[EventRounds "7"]
[EventType "team-swiss"]
[EventDate "2016.12.26"]

1.d4 d5 2.c4 c6 3.Nc3 Nf6 4.Qb3 e6 5.Nf3 Qc7 6.g3 Nbd7 7.Bg2 Bd6 8.O-O O-O 9.c5
Be7 10.Bf4 Qd8 11.Qa4 Nh5 12.Bd2 Qc7 13.b4 b6 14.Rfc1 a5 15.a3 Bb7 16.Qc2 Rfc8
17.Na4 axb4 18.axb4 b5 19.Nc3 Ra6 20.Rxa6 Bxa6 21.e4 Ra8 22. exd5 exd5 23.Ne1
Qd8 24.f4 Nhf6 25.Nd3 Ne8 26.Ne5 Nxe5 27.fxe5 Nc7 28.Qf5 Bc8 29.Qc2 Bg5 30.Rf1
Bg4 31.h3 Bh5 32.Qc1 Bxd2 33.Qxd2 Ne6 34.g4 Bg6 35. Qf2 Ra3 36.Qb2 Ra8 37.Qf2
Ra3 38.Qb2 Ra8 39.Qf2 1/2-1/2

[Event "DVM U20 2016"]
[Site "Borken-Gemen GER"]
[Date "2016.12.27"]
[Round "2"]
[White "Hungeling, David"]
[Black "Gerzen, Robin"]
[Result "0-1"]
[Termination "normal"]
[Board "8.6"]
[WhiteElo "1513"]
[BlackElo "1653"]
[WhiteTeam "SK Münster"]
[BlackTeam "SG Bochum"]
[PlyCount "48"]
[WhiteFideId "16222440"]
[BlackFideId "16206819"]
[EventCountry "GER"]
[EventRounds "7"]
[EventType "team-swiss"]
[EventDate "2016.12.26"]

1.e4 Nc6 2.Nf3 f5 3.Nc3 fxe4 4.Nxe4 d5 5.Nc3 e5 6.d4 e4 7.Ne5 Nxe5 8.dxe5 Bb4
9.Bd2 Ne7 10.Nxe4 Bxd2+ 11.Nxd2 O-O 12.h3 Ng6 13.Nf3 c6 14.c4 Qe7 15. Qd4 Be6
16.b3 Rf4 17.Qc3 Re4+ 18.Kd2 dxc4 19.bxc4 Qc5 20.Kd3 Rxc4 21.Qb2 Rd8+ 22.Ke2
Rc2+ 23.Qxc2 Qxc2+ 24.Ke3 Qc3+ 0-1

[Event "DVM U20 2016"]
[Site "Borken-Gemen GER"]
[Date "2016.12.28"]
[Round "3"]
[White "Grimm, Julius"]
[Black "Pluska, Alexander"]
[Result "1/2-1/2"]
[Termination "normal"]
[Board "1.1"]
[WhiteElo "2281"]
[BlackElo "2156"]
[WhiteClock "00:15:07"]
[BlackClock "00:13:20"]
[WhiteTeam "SF Darmstadt"]
[BlackTeam "SK Doppelbauer Kiel"]
[PlyCount "49"]
[WhiteFideId "12916986"]
[BlackFideId "12975141"]
[EventCountry "GER"]
[EventRounds "7"]
[EventType "team-swiss"]
[EventDate "2016.12.26"]

1. d4 {[%clk 1:30:56]} d5 {[%clk 1:30:51]} 2. c4 {[%clk 1:31:18]} e6 {[%clk
1:31:17]} 3. Nc3 {[%clk 1:29:57]} Be7 {[%clk 1:31:44]} 4. cxd5 {[%clk 1:29:26]}
exd5 {[%clk 1:32:09]} 5. Bf4 {[%clk 1:29:48]} c6 {[%clk 1:32:33]} 6. e3 {[%clk
1:30:11]} Bd6 {[%clk 1:32:57]} 7. Bxd6 {[%clk 1:17:30]} Qxd6 {[%clk 1:33:19]}
8. Bd3 {[%clk 1:17:28]} Nf6 {[%clk 1:32:45]} 9. Nf3 {[%clk 1:15:10]} O-O {[%clk
1:28:16]} 10. h3 {[%clk 1:09:47]} b6 {[%clk 1:19:01]} 11. O-O {[%clk 1:06:14]}
Ba6 {[%clk 1:18:05]} 12. Bxa6 {[%clk 1:04:51]} Nxa6 {[%clk 1:18:27]} 13. Qa4
{[%clk 1:01:31]} Nc7 {[%clk 1:17:33]} 14. Rac1 {[%clk 0:59:31]} Ne6 {[%clk
1:14:47]} 15. Rfd1 {[%clk 0:50:22]} Rfc8 {[%clk 1:09:48]} 16. Rc2 {[%clk
0:37:03]} a5 {[%clk 0:49:23]} 17. Rdc1 {[%clk 0:33:42]} Rc7 {[%clk 0:49:44]}
18. Qb3 {[%clk 0:29:54]} b5 {[%clk 0:43:53]} 19. a3 {[%clk 0:24:33]} Rac8
{[%clk 0:23:50]} 20. Ne2 {[%clk 0:22:34]} a4 {[%clk 0:22:50]} 21. Qd3 {[%clk
0:22:07]} Nd7 {[%clk 0:19:09]} 22. Ng3 {[%clk 0:19:03]} Nb6 {[%clk 0:16:28]}
23. Ne5 {[%clk 0:17:42]} Nc4 {[%clk 0:16:22]} 24. Nxc4 {[%clk 0:16:13]} dxc4
{[%clk 0:13:20]} 25. Qf5 {[%clk 0:15:07]} 1/2-1/2

[Event "DVM U20 2016"]
[Site "Borken-Gemen GER"]
[Date "2016.12.28"]
[Round "3"]
[White "Beeck, Mats"]
[Black "Nothnagel, Marian Can"]
[Result "1/2-1/2"]
[Termination "normal"]
[Board "1.2"]
[WhiteElo "2161"]
[BlackElo "2061"]
[WhiteClock "00:14:44"]
[BlackClock "00:13:36"]
[WhiteTeam "SK Doppelbauer Kiel"]
[BlackTeam "SF Darmstadt"]
[PlyCount "61"]
[WhiteFideId "12936944"]
[BlackFideId "12921530"]
[EventCountry "GER"]
[EventRounds "7"]
[EventType "team-swiss"]
[EventDate "2016.12.26"]

1. Nc3 {[%clk 1:30:43]} Nf6 {[%clk 1:30:56]} 2. d4 {[%clk 1:28:04]} d5 {[%clk
1:29:10]} 3. Bf4 {[%clk 1:28:14]} Bf5 {[%clk 1:27:42]} 4. e3 {[%clk 1:27:35]}
c6 {[%clk 1:27:46]} 5. Qd2 {[%clk 1:26:12]} Nbd7 {[%clk 1:27:42]} 6. f3 {[%clk
1:25:40]} e6 {[%clk 1:24:05]} 7. g4 {[%clk 1:25:36]} Bg6 {[%clk 1:24:31]} 8. h4
{[%clk 1:25:33]} h5 {[%clk 1:21:11]} 9. g5 {[%clk 1:25:28]} Ng8 {[%clk
1:21:37]} 10. Bd3 {[%clk 1:20:23]} Bxd3 {[%clk 1:07:27]} 11. Qxd3 {[%clk
1:18:56]} Ne7 {[%clk 1:07:18]} 12. Nge2 {[%clk 1:18:36]} Nb6 {[%clk 1:07:13]}
13. Kf2 {[%clk 1:03:19]} Ng6 {[%clk 0:57:40]} 14. Bg3 {[%clk 1:00:44]} Bd6
{[%clk 0:50:07]} 15. Rae1 {[%clk 0:54:09]} a6 {[%clk 0:42:58]} 16. b3 {[%clk
0:49:08]} Ne7 {[%clk 0:42:38]} 17. Bxd6 {[%clk 0:41:48]} Qxd6 {[%clk 0:41:10]}
18. Nf4 {[%clk 0:42:02]} Rc8 {[%clk 0:40:13]} 19. Nce2 {[%clk 0:40:30]} c5
{[%clk 0:27:45]} 20. g6 {[%clk 0:29:19]} f6 {[%clk 0:23:14]} 21. dxc5 {[%clk
0:28:09]} Rxc5 {[%clk 0:23:36]} 22. Ng3 {[%clk 0:27:32]} Qc6 {[%clk 0:22:44]}
23. Re2 {[%clk 0:25:59]} Nd7 {[%clk 0:18:36]} 24. Ngxh5 {[%clk 0:23:07]} Kf8
{[%clk 0:16:46]} 25. Ng3 {[%clk 0:20:26]} Ne5 {[%clk 0:14:40]} 26. Qd4 {[%clk
0:19:27]} Rxc2 {[%clk 0:13:29]} 27. Nxe6+ {[%clk 0:19:32]} Kg8 {[%clk 0:13:53]}
28. Nf4 {[%clk 0:18:35]} N5xg6 {[%clk 0:12:50]} 29. Nxg6 {[%clk 0:18:08]} Nxg6
{[%clk 0:13:11]} 30. Rxc2 {[%clk 0:14:44]} Qxc2+ {[%clk 0:13:36]} 31. Ne2
1/2-1/2